000 00967nam a22002297a 4500
999 _c177369
_d177369
005 20210406163437.0
010 _aB-739333-335 B-739704
020 _a9789385285660
_c350.00
035 _aB-739333-335
035 _aB-739704
037 _bNiyogi Books
082 _aS
100 _aHooja, Rima
245 _aRajasthani stories retold /
_cBy Rima Hooja
260 _aNew Delhi
_bNiyogi Books
_c2018 (rep.)
270 _aBlock D, Building No. 77, Okhla Industrial Area, Phase-I
_bNew Delhi
_e110020
300 _a179p.
_c22cm(Hb)
500 _aIncludes glossary
942 _2ddc
_cCH
_hS
_mHOO